BCIS Dilapidations price book (Record no. 108606)
[ view plain ]
| 000 -LEADER | |
|---|---|
| fixed length control field | 01379cam a22003015a 4500 |
| 001 - CONTROL NUMBER | |
| control field | L144756 |
| 008 - FIXED-LENGTH DATA ELEMENTS--GENERAL INFORMATION | |
| fixed length control field | 080808s2008 xxk f 001 0 eng d |
| 020 ## - INTERNATIONAL STANDARD BOOK NUMBER | |
| International Standard Book Number | 9781904829799 |
| 035 ## - SYSTEM CONTROL NUMBER | |
| System control number | (Sirsi) u144756 |
| 041 0# - LANGUAGE CODE | |
| Language code of text/sound track or separate title | eng |
| 050 04 - LIBRARY OF CONGRESS CALL NUMBER | |
| Classification number | 692.5 $2 18 |
| 110 2# - MAIN ENTRY--CORPORATE NAME | |
| Corporate name or jurisdiction name as entry element | Building Cost Information Service |
| 9 (RLIN) | 1096 |
| 245 00 - TITLE STATEMENT | |
| Title | BCIS Dilapidations price book |
| Remainder of title | 2008 |
| 250 ## - EDITION STATEMENT | |
| Edition statement | 2nd ed. |
| 260 ## - PUBLICATION, DISTRIBUTION, ETC. | |
| Place of publication, distribution, etc. | London |
| Name of publisher, distributor, etc. | BCIS |
| Date of publication, distribution, etc. | 2008 |
| 300 ## - PHYSICAL DESCRIPTION | |
| Extent | 278p. |
| Dimensions | 21cm. |
| 350 ## - PRICE (NR) (BK AM CF MU VM SE) [OBSOLETE] | |
| Price | 175 |
| 505 2# - FORMATTED CONTENTS NOTE | |
| Formatted contents note | Part 1: introduction to the price book -- Part 2 - Guidance on using the price book -- Part 3: measured rates -- Part 4: supplementary pricing information |
| 520 ## - SUMMARY, ETC. | |
| Summary, etc. | Supersedes the first edition (ISBN 9781904829799) |
| 520 ## - SUMMARY, ETC. | |
| Summary, etc. | Provides cost data for dilapidations schedules for both residential and non-residential buildings. Aims to save time and minimise disputes associated with costing schedules of dilapidations. Helps in the application of the BCIS Building Maintenance Price Book (E142530), and other estimation price books. Provides supplementary pricing information to help practitioners where changes are needed to reflect local market conditions. |
| 521 ## - TARGET AUDIENCE NOTE | |
| Target audience note | Advanced |
| 590 ## - LOCAL NOTE (RLIN) | |
| Local note | KA |
| 651 #4 - SUBJECT ADDED ENTRY--GEOGRAPHIC NAME | |
| Geographic name | United Kingdom |
| Chronological subdivision | |
| 690 ## - LOCAL SUBJECT ADDED ENTRY--TOPICAL TERM (OCLC, RLIN) | |
| Topical term or geographic name as entry element | BUILT ENVIRONMENT-BUILDING COSTS |
| 690 ## - LOCAL SUBJECT ADDED ENTRY--TOPICAL TERM (OCLC, RLIN) | |
| Topical term or geographic name as entry element | BUILT ENVIRONMENT-BUILDING SURVEYING-DILAPIDATIONS SURVEYING |
| 942 ## - ADDED ENTRY ELEMENTS (KOHA) | |
| Suppress in OPAC | 0 |
| Withdrawn status | Lost status | Source of classification or shelving scheme | Damaged status | Not for loan | Home library | Current library | Shelving location | Date acquired | Cost, normal purchase price | Total Checkouts | Full call number | Barcode | Date last seen | Copy number | Cost, replacement price | Price effective from | Koha item type | Date last checked out |
|---|---|---|---|---|---|---|---|---|---|---|---|---|---|---|---|---|---|---|
| Dewey Decimal Classification | London | London | RICS Boxes | 08/08/2008 | 175.00 | RICS 2008/33 | 30076024 | 06/08/2019 | 1 | 175.00 | 06/08/2019 | Archive | ||||||
| Dewey Decimal Classification | London | London | Basement | 12/09/2008 | 10 | 692.5 BUI | 30076026 | 06/08/2019 | 3 | 06/08/2019 | Book | 21/01/2010 | ||||||
| Dewey Decimal Classification | London | London | Basement | 12/09/2008 | 14 | 692.5 BUI | 30074864 | 06/08/2019 | 4 | 06/08/2019 | Book | 08/02/2010 |